Statistics for Does This Country Have More or Less People?

Click here to take the quiz!

General Stats

  • This quiz has been taken 97 times
  • The average score is 12 of 20

Answer Stats

HintAnswer% Correct
FranceLess
74%
ArgentinaLess
74%
SyriaLess
74%
CanadaLess
71%
UkraineMore
71%
AngolaMore
71%
KazakhstanLess
70%
TaiwanLess
67%
TanzaniaMore
67%
AustraliaMore
66%
ColombiaMore
66%
GhanaMore
64%
PolandMore
64%
PeruMore
63%
MyanmarMore
62%
VenezuelaLess
55%
Saudi ArabiMore
55%
Sri LankaLess
51%
NetherlandsLess
45%
South KoreaLess
18%

Score Distribution

Percentile by Number Answered

Percent of People with Each Score

Your Score History

You have not taken this quiz